| 000 | 01040nam a2200277 4500 | ||
|---|---|---|---|
| 003 | OSt | ||
| 005 | 20260530113908.0 | ||
| 008 | 260420b1993 mx a|||| |||| 00| 0 spa d | ||
| 020 | _a9682975352 | ||
| 040 |
_aICI _bspa _cICI |
||
| 050 |
_aQ180.M6 _bP74 1993 |
||
| 100 | 1 |
_aSecretaria de Educación Pública y CONACULTA _933114 |
|
| 245 | 0 | 0 |
_aPremio nacional de ciencia y artes 1993 / _ctextos de las semblanzas Anne delecole ; fots. Manuel Álvarez Fuentes ... [y otros] |
| 264 |
_aMéxico : _bSEP : _bConsejo Nacional para la Cultura y las Artes, _c1994 |
||
| 300 | _a71 páginas | ||
| 336 |
_atexto _2rdacontent |
||
| 337 |
_asin medio _2rdamedia |
||
| 338 |
_avolumen _2rdacarrier |
||
| 650 |
_aCiencia _xPremios _zMexico |
||
| 650 |
_aArte _xPremios _zMexico |
||
| 700 | 1 |
_aDelecole, Anne _ecolaborador _933115 |
|
| 700 | 1 |
_a Alvarez Fuentes, Manuel, _eilustrador _933116 |
|
| 710 | 1 |
_aMéxico. _bSecretaría de Educación Pública _917275 |
|
| 710 | 2 |
_aConsejo Nacional para la Cultura y las Artes (México) _92733 |
|
| 942 |
_2lcc _cBK |
||
| 999 |
_c12050 _d12050 |
||